Algebraic groups and homogeneous spaces Mumbai 2004 / (Record no. 41456)
[ view plain ]
| 000 -LEADER | |
|---|---|
| fixed length control field | 00865nam a22002297a 4500 |
| 005 - DATE AND TIME OF LATEST TRANSACTION | |
| control field | 20100812161438.0 |
| 010 ## - LCCN (DPL NO) | |
| LC control number | ENG-99884 |
| 020 ## - INTERNATIONAL STANDARD BOOK NUMBER | |
| International Standard Book Number | 9788173198021 |
| Terms of availability | 650.00 |
| 035 ## - SYSTEM CONTROL NUMBER | |
| System control number | EN-83416 |
| 037 ## - SOURCE OF ACQUISITION | |
| Source of stock number/acquisition | DBAD/PUB |
| 082 ## - DEWEY DECIMAL CLASSIFICATION NUMBER | |
| Classification number | 512.482 |
| 245 ## - TITLE STATEMENT | |
| Title | Algebraic groups and homogeneous spaces Mumbai 2004 / |
| Statement of responsibility, etc | edited by V.B. Mehta |
| 260 ## - PUBLICATION, DISTRIBUTION, ETC. (IMPRINT) | |
| Place of publication, distribution, etc | New Delhi |
| Name of publisher, distributor, etc | Narosa Publishing House |
| Date of publication, distribution, etc | 2007 |
| 270 ## - ADDRESS | |
| Address | 22 Delhi Medical Association Road, Daryaganj |
| City | New Delhi |
| Postal code | 110002 |
| 300 ## - PHYSICAL DESCRIPTION | |
| Extent | 543p. |
| Dimensions | 25cm (Hb) |
| 500 ## - GENERAL NOTE | |
| General note | includes bibliographical references |
| 650 ## - SUBJECT ADDED ENTRY--TOPICAL TERM | |
| Topical term or geographic name as entry element | Homogenous spaces |
| 650 ## - SUBJECT ADDED ENTRY--TOPICAL TERM | |
| Topical term or geographic name as entry element | Lie algebras |
| 700 ## - ADDED ENTRY--PERSONAL NAME | |
| Personal name | Mehta, V.B. |
| 9 (RLIN) | 12039 |
| 942 ## - ADDED ENTRY ELEMENTS (KOHA) | |
| Source of classification or shelving scheme | Dewey Decimal Classification |
| Item type | English Books |
| Classification part | 512.482 |
| Call number suffix | ALG |
| Withdrawn status | Lost status | Not for loan | Collection code | Home library | Current library | Date acquired | Source of acquisition | Cost, normal purchase price | Full call number | Barcode | Copy number | Cost, replacement price | Koha item type |
|---|---|---|---|---|---|---|---|---|---|---|---|---|---|
| Not For Loan | Non-fiction | D.B.Act.Division | D.B.Act.Division | 12/08/2010 | DBAD/PUB | 650.00 | 512.482 ALG | EN-83416 | 1 | 650.00 | English Books |
